000
00286nam a2200121Ia 4500
008
190216s9999||||xx |||||||||||||| ||und||
100
_a
Jhingan M L
245
0
_a
Advanced Economic Theory
260
_b
Vikas Publishing House
_c
1976
300
_a
746p
650
_a
Economics
942
_c
BK
999
_c
9632
_d
9632